1077 1215 1634 1666 1779 1843 1819 1922 1432 1671 1316 1624 1065 1903 1471 1995 1170 1745 1198 1166 1254 1744 1373 1493 1948 1913 1266 1800 1511 1975 1623 1530 1179 1598 1686 1354 1773 1013 1763 1952 1671 1975 1400 1267 1477 1893 1211 1893 1698 1768 1255 1323 1220 1174 1843 1694 1990 1449 1443 1300 1959 1019 1616 1560 1403 1697 1451 1687 1356 1655 1987 1712 1018 1365 1879 1382 1859 1007 1314 1789 1896 1376 1506 1017 1924 1060 1021 1885 1935 1501 1915 1650 1284 1248 1225 1316 1522 1467 1755 BCNSPRNW ULIB Ver.6.0+V

เปลี่ยนเป็นภาษาไทย

Change to English
 แสดงรายละเอียดบรรณานุกรม
  กลับหน้าหลัก

Brief Record : Get Marc (ISO 2709) : E-mail record : QR code < ปิดหน้าต่าง
LEADER : 00000nam 2200000uu 4500
001    13399114892
003     ULIB
008    120619s||||||||th 000 0 tha d
020    9749399412
099    นว.^bอ653
100 0  อาริตา
245 00 เชลยรักทะเลทราย ^cอาริตา
945    ^p260^l0^i019247
999 ^a ใช้งานได้ทุกระบบ
รายการนี้ยังไม่มีแท็ก
คุณยังไม่ได้ล็อกอิน คุณสามารถมีกิจกรรมร่วมกับเว็บไซต์ได้ แต่ต้องล็อกอินก่อน ::
  ล็อกอิน

รายการสื่อสารสนเทศ

ลำดับที่ ประเภท เลขเรียก/บาร์โค้ด สถานที่ สถานะ
1. วิทยาศาสตร์การแพทย์ และสุขภาพ
วิทยาศาสตร์การแพทย์ และสุขภาพ
นว. อ653  
  Barcode: 019247
ห้องสมุดวิทยาเขตสวรรค์ประชารักษ์
►นวนิยาย
บนชั้น
  ขอยืม

รายการใกล้เคียง
    ผู้แต่ง [อาริตา]

BibComment


ยังไม่เคยถูกคอมเมนท์

คอมเมนท์ทรัพยากรรายการนี้
  คอมเมนท์: เชลยรักทะเลทราย ..


 Copyright 2026. Bcnsprnw @Library